00509 a2200193 450000500170000000800410001702000300005804000090008808200190009710000270011624500190014326000380016230000080020065000230020865000140023165000210024565000220026670000270028820260512163316.0260512b |||||||| |||| 00| 0 eng d a9789385539923cRs. 995.00 aMAIN a294.5927bS58V aSemval, Jagdish Prasad aVedantakarika  bVidyanidhi Prakashanc2021aDelhi a351 aVedanta Philosophy aReligions aHindu philosophy aKarika literature aDindoriya, Ved prakash